000
00261nam a2200085Ia 4500
008
220120s9999||||xx |||||||||||||| ||und||
100
_a
Karun.R. and Rajeeva.M
_9
12201
245
0
_a
Project management system
260
_a
Coorg Institute of Technology
_b
Ponnampet
_c
2002
999
_c
137787
_d
137787